Una atención y educación de calidad en la primera infancia puede hacer la diferencia /

Detalles Bibliográficos
Autor principal: Blanco G., Rosa
Formato: Libro
Lenguaje:inglés

MARC

LEADER 00000cam a2200000 a 4500
001 030281
003 UAHC_CL
005 20170803123207.0
008 130412b xx j 000 1 eng
040 |a UAHC_CL  |c UAHC_CL  |d UAHC_CL 
100 1 |a Blanco G., Rosa 
245 1 4 |a Una atención y educación de calidad en la primera infancia puede hacer la diferencia /  |c Rosa Blanco G. 
300 |a pp 4-17 
500 |a Docencia: hacia un movimiento pedagógico nacional (48), 2012. pp. 4-17 
900 |a DOCENCIA-48/12 
942 |c BK 
999 |c 30281  |d 30281